| 000 | 01114nam a2200241Ia 4500 | ||
|---|---|---|---|
| 003 | Ost | ||
| 005 | 20260507075802.0 | ||
| 008 | 260507s9999||||xx |||||||||||||| ||und|| | ||
| 020 | _a9789961529140 | ||
| 040 | _cfsecg | ||
| 041 | _aara | ||
| 082 | _a658 | ||
| 100 |
_aواعر،وسيلة _eمؤلف |
||
| 245 | 0 |
_aاقتصاد المؤسسة / _cوسيلة واعر |
|
| 260 |
_aالجزائر: _bدار الخلدونية, _c2019 |
||
| 300 |
_a350 صفحة؛ _bإيضاحات ؛ _c23 سم |
||
| 504 | _aببليوغرافيا ص.ص.329-338 | ||
| 520 | _aيتناول الكتاب مفهوم المؤسسة ،المؤسسة و المحيط،تنظيم المؤسسة ،وظيفة التموين،وظيفة التخزين،وظيفة الانتاج،وظيفة التسويق،‘دارة الموارد البشرية ، الوظيفة المالية ،وظيفة البحث و التطوير،ادوات التحليل الاقتصادي للمؤسسة ،انماط نمو المؤسسة ، | ||
| 653 | _aالتسويق | ||
| 653 | _aالتموين | ||
| 653 | _aالمؤسسة | ||
| 942 | _cكتاب | ||
| 999 |
_c46309 _d46309 |
||